000 00565nam a22001817a 4500
005 20250916141433.0
008 250915b |||||||| |||| 00| 0 eng d
020 _a9798891619197
082 _aDC 579 N331 2025
100 _aNelson, Olivia.
_967422
245 _aApplied microbiology /
_cOlivia Nelson.
260 _aUSA :
_bAppalachian Prints,
_c©2025.
300 _av, 276 pages :
_billustrations (some colors) ;
_c27 cm.
500 _aIncludes bibliography and index.
650 0 _aMicrobiology.
_967584
650 0 _aMicroorganisms.
_967585
942 _2ddc
_cDC
999 _c23765
_d23765